00438nam a22001457a 4500020001800000040000900018082001600027100002900043245001400072260004800086650002200134942001200156999001900168952010500187 a9780125180450 cNust a004.67bVAU aVaughan-Nicholas9126369 aIntranets aBoston:bAP Professional Publishing,c1997. aIntranets9126370 2ddccBK c612070d612070 00102ddc4070aCEMEbCEMEcGENd2024-10-11l0o004.67 VAUpCEME- 32491r2024-10-11w2024-10-11yBK